El hombre y su propia imagen : (Record no. 4879)

000 -CABECERA
fixed length control field 00880nam a22002057a 4500
003 - IDENTIFICADOR DEL NÚMERO DE CONTROL
control field AR-CdUCM
008 - DATOS DE LONGITUD FIJA--INFORMACIÓN GENERAL
fixed length control field 190311b ||||| |||| 00| 0 spa d
040 ## - FUENTE DE LA CATALOGACIÓN
Agencia/entidad que catalogó originalmente la obra MUNICIPALIDAD PROVINCIAL DEL CUSCO
Entidad que transcribió la catalogación BIBLIOTECA MUNICIPAL DEL CUSCO
082 ## - NÚMERO DE LA CLASIFICACIÓN DECIMAL DEWEY
No. de Clasificación 159.923 /
Notacion interna D96
100 ## - ENTRADA PRINCIPAL--NOMBRE DE PERSONA
Nombre Personal Ducceschi, Ermanno
245 ## - MENCIÓN DE TÍTULO
Título El hombre y su propia imagen :
Resto del título Piscologia Existencial /
260 ## - PUBLICACIÓN, DISTRIBUCIÓN, ETC.
Lugar de publicación, distribución, etc. Perú :
Nombre de la editorial, distribuidor, etc. Libreria Studium ,
Fecha de publicación, distribución, etc. 1979.
300 ## - DESCRIPCIÓN FÍSICA
Nº de Páginas Extensión 224 páginas
Dimensiones 20.5 cm.
505 ## - NOTA DE CONTENIDO CON FORMATO
Nota de contenido formateada Contenido : Conceptuacion -- La imagen de si mismo -- Los valores inducidos -- Los valores negativos inducidos -- la interpretacion simbólica -- la lenua y el lenguaje -- la imagen negativa del tú -- La pérdida de la posibilidad de amar...
650 ## - PUNTO DE ACCESO ADICIONAL DE MATERIA--TÉRMINO DE MATERIA
Descriptor Filosofia descriptiva
9 (RLIN) 15000
650 ## - PUNTO DE ACCESO ADICIONAL DE MATERIA--TÉRMINO DE MATERIA
Descriptor Filosofia del yo
9 (RLIN) 15001
650 ## - PUNTO DE ACCESO ADICIONAL DE MATERIA--TÉRMINO DE MATERIA
Descriptor Psicologia del ser
9 (RLIN) 15002
942 ## - ELEMENTOS DE PUNTO DE ACCESO ADICIONAL (KOHA)
Fuente de clasificación
Tipo de item Libros-BMC
945 ## - PROCESAMIENTO DE INFORMACIÓN LOCAL (OCLC)
Catalogador rtm
Holdings
Estado de retiro (separado) Fuente de clasificación o esquema de estanterías Estado dañado Ubicación Sala donde se ubica Nombre de la colección Fecha de adquisición o compra Costo, precio normal en soles Signatura topográfica Código de Barras Última vez visto (Koha) Tipo de ítem (Koha) Número de Ejemplar
No     Sala Humanidades Sala Humanidades Book Cart 2019-03-11 10.00 159.923 / D96 SH0000005318 2019-03-11 Libros-BMC  
No     Sala Humanidades Sala Humanidades Book Cart 2019-03-12 10.00 159.923 / D96 / e.2 SH0000005677 2019-03-12 Libros-BMC 2ej.

Powered by Koha